Plan estratégico de marketing digital aplicado a Arces Hotel Matagalpa
Presenta un plan de marketing digital para aumentar la fidelidad de toda la cartera de clientes y de la misma manera aumentar su mercado de una manera económica y efectiva. El análisis se basa en la competitividad digital de la empresa revisando su ambiente externo, acompañando de un análisis de...
| Main Authors: | , |
|---|---|
| Other Authors: | |
| Format: | Tesis Section = Libro |
| Language: | Undetermined Spanish |
| Published: |
Managua
UNI
2018
|
| Subjects: |
| LEADER | 01219nam a2200265Ia 4500 | ||
|---|---|---|---|
| 008 | 240830s9999 xx 000 0 und d | ||
| 040 | |a BIBLIOTECA-RUSB/ M.Mon 658.8 C512 | ||
| 041 | |a spa | ||
| 082 | |a M.Mon 658.8 C512 | ||
| 100 | 1 | |a Chavarría Henríquez, César Augusto | |
| 100 | 1 | |b Silva Rivas, Francisco de Jesús | |
| 245 | 1 | 0 | |a Plan estratégico de marketing digital aplicado a Arces Hotel Matagalpa |
| 260 | |a Managua |b UNI |c 2018 | ||
| 300 | |a 64 p. :il. | ||
| 500 | |a Contiene: anexos y CD. | ||
| 502 | |a Tesis (Máster en Gestión Empresarial) - UNI, 2018. | ||
| 520 | 3 | |a Presenta un plan de marketing digital para aumentar la fidelidad de toda la cartera de clientes y de la misma manera aumentar su mercado de una manera económica y efectiva. El análisis se basa en la competitividad digital de la empresa revisando su ambiente externo, acompañando de un análisis de la situación de la empresa en el ámbito digital. | |
| 650 | 7 | |a ADMINISTRACION DE MERCADEO | |
| 650 | 7 | |b MERCADEO- ESTUDIO DE CASOS | |
| 650 | 7 | |c ANALISIS FINANCIERO | |
| 650 | 7 | |d PLANIFICACION ESTRATEGICA | |
| 700 | 1 | |a Tutor: |b Sequeira Hernández, José Manuel | |
| 942 | |c BK |2 ddc | ||
| 991 | |a TESIS | ||
| 999 | |c 19498 | ||